Normal view
MARC view
Entry Geographic Name
001 - CONTROL NUMBER
- control field: 21702
003 - CONTROL NUMBER IDENTIFIER
- control field: ARRUPE
005 - DATE AND TIME OF LATEST TRANSACTION
- control field: 20160121124817.0
008 - FIXED-LENGTH DATA ELEMENTS
- fixed length control field: 160121|| aca||aabn | a|a d
040 ## - CATALOGING SOURCE
- Original cataloging agency: ARRUPE
- Transcribing agency: ARRUPE
151 ## - HEADING--GEOGRAPHIC NAME
- Geographic name: South Africa
- General subdivision: Economic conditions.
670 ## - SOURCE DATA FOUND
- Source citation: Work cat.: (ARRUPE)0: Bleloch, William Edwin, 1863- 21699, A thousand million pounds for us or Germany?, 1917.